| 000 | 01004nam a2200313 a 4500 | ||
|---|---|---|---|
| 001 | vtls000074861 | ||
| 003 | NLI | ||
| 005 | 20210601193514.0 | ||
| 008 | 101125s1972 enk 001 0 eng | ||
| 020 | _cPND 2.40 | ||
| 039 | 9 |
_y201011250757 _zVLOAD |
|
| 040 | 0 |
_aNLI _beng _cEntertech-2003 _eAACR2 |
|
| 041 | 0 | _aeng | |
| 044 | _aenk | ||
| 082 | 0 | 4 | _a157.3 |
| 100 | 1 |
_aMercer, Philip _9176736 |
|
| 245 | 1 | 0 |
_aSympathy and ethics : _ba study of the relationship between sympathy and morality with special reference to Hume's Treatise / _cPhilip Mercer |
| 260 |
_aOxford : _bClarendon Press, _c1972 |
||
| 300 |
_a[9], 138 p. ; _c23 cm. |
||
| 504 | _aIncludes bibliographical references and index | ||
| 600 | 1 | 0 |
_aHume, David, _d1711-1776. _tTreatise of human nature _9176737 |
| 650 | 0 |
_aSympathy _9176738 |
|
| 650 | 0 |
_aEthics _91373 |
|
| 887 | _a | ||
| 901 |
_a405323 _b30.11.1972 |
||
| 902 | _aE157.3 M534 | ||
| 949 |
_AVIRTUAITEM _D10000 _X100 _6PUR000405323ENG |
||
| 942 |
_2ddc _cBKS |
||
| 999 |
_aVIRTUA00 _c78747 _d78747 |
||